Atlas de inteligencia artificial : poder, política y costos planetarios /
Guardado en:
| Autor Principal: | |
|---|---|
| Otros Autores: | |
| Formato: | Libro |
| Idioma: | Undetermined |
| Publicado: |
Ciudad Autónoma de Buenos Aires :
Fondo de Cultura Económica,
2024.
|
| Edición: | 1a. ed., 2a. reimp. |
| Series: | Tezontle
|
| Materias: | |
| Etiquetas: |
Agregar Etiqueta
Sin Etiquetas, Sea el primero en etiquetar este registro!
|
| LEADER | 00663nam a22001815a 4500 | ||
|---|---|---|---|
| 001 | DER.der015347 | ||
| 008 | 251023s2024####xx############000#0#und#d | ||
| 005 | 20251023122602.0 | ||
| 245 | 1 | 0 | |a Atlas de inteligencia artificial : |b poder, política y costos planetarios / |c Kate Crawford ; traducido Francisco Díaz Klaassen. |
| 250 | |a 1a. ed., 2a. reimp. | ||
| 260 | |a Ciudad Autónoma de Buenos Aires : |b Fondo de Cultura Económica, |c 2024. | ||
| 300 | |a 444 p. | ||
| 490 | 1 | |a Tezontle | |
| 020 | |a 9789877193695 | ||
| 100 | 1 | |a Crawford, Kate. | |
| 700 | 1 | |a Díaz Klaassen, Francisco, |e trad. | |
| 650 | 7 | |a INTELIGENCIA ARTIFICIAL | |
| 859 | |a DERECHO |b BIB. DERECHO |h 306.46 |i CRA |p 0010671 | ||
